Sanat - Peikonlehti - Vilma Alina - Statistics

Yleistilastot
  • Tätä visaa on pelattu 25 kertaa
    24 viimeisimmän päivityksen jälkeen
  • Keskiarvotulos 203 / 269
Vastaustilastot
Vastaus % Oikein
ehtiny
100%
ei
100%
et
100%
huonekasvi
100%
jo
100%
jonku
100%
ku
100%
Ku
100%
kuolla
100%
kuulin
100%
100%
100%
menny
100%
oo
100%
oot
100%
peikonlehtikään
100%
100%
sun
100%
tää
100%
uuden
100%
vaik
100%
viel
100%
vielä
100%
aio
80%
en
80%
ettimään
80%
fiksu
80%
hopeaan
80%
hyvää
80%
istuu
80%
ja
80%
jos
80%
kanssa
80%
kastella
80%
katsella
80%
kuihtuu
80%
kulta
80%
kun
80%
loppuelämää
80%
löydät
80%
mun
80%
mut
80%
muun
80%
niin
80%
nopeaa
80%
on
80%
pois
80%
se
80%
siis
80%
siitä
80%
sit
80%
sitä
80%
sust
80%
tääl
80%
taas
80%
täs
80%
vaan
80%
vähän
80%
vaihtaa
80%
aatellu
60%
huomaa
60%
jonnekin
60%
kullan
60%
nytkään
60%
piti
60%
purkaa
60%
pysty
60%
pystynytkään
60%
sua
60%
sulle
60%
turhaa
60%
yksi
60%
ees
40%
ehkä
40%
enkä
40%
haavaan
40%
huonekasvimurha
40%
julmaa
40%
menit
40%
mua
40%
soittaa
40%
suolaa
40%
suoraan
40%
syytän
40%
vuotavaan
40%
eka
20%
enää
20%
huhu
20%
hyvii
20%
ihmiset
20%
jättämää
20%
kiiltävään
20%
kovii
20%
kuonaa
20%
muski
20%
nää
20%
niitä
20%
puhumaan
20%
puolii
20%
riitäkään
20%
riitin
20%
siel
20%
tai
20%
tuomaan
20%
uuteen
20%
varmaanki
20%
vertaat
20%
kamojas
0%
luona
0%
Oispa
0%
pyytäny
0%
Ehtoja vastaavia visoja ei löytynyt
Tulosjakauma
Jokaisen tuloksen saaneiden osuus
Persentiili vastausten määrän mukaan
Tuloshistoriasi
Et ole pelannut tätä visaa sen viimeisimmän päivityksen jälkeen